Mechúrik Koščúrik s kamarátmi (Record no. 21547)
[ view plain ]
| 000 -LEADER | |
|---|---|
| fixed length control field | 01637cam a2200445 a 4500 |
| 001 - CONTROL NUMBER | |
| control field | 21547 |
| 003 - CONTROL NUMBER IDENTIFIER | |
| control field | VRT |
| 005 - DATE AND TIME OF LATEST TRANSACTION | |
| control field | 20260305082140.0 |
| 008 - FIXED-LENGTH DATA ELEMENTS--GENERAL INFORMATION | |
| fixed length control field | 240801s1999 xo a gr 0000p slo |
| 015 ## - NATIONAL BIBLIOGRAPHY NUMBER | |
| National bibliography number | SNBA2000/03-00972 |
| 020 ## - INTERNATIONAL STANDARD BOOK NUMBER | |
| International Standard Book Number | 8085507773 |
| Qualifying information | (viaz.) |
| 035 ## - SYSTEM CONTROL NUMBER | |
| System control number | SNK000335568 |
| 039 #9 - LEVEL OF BIBLIOGRAPHIC CONTROL AND CODING DETAIL [OBSOLETE] | |
| Level of rules in bibliographic description | 202409261410 |
| Level of effort used to assign nonsubject heading access points | msnk167 |
| Level of effort used to assign subject headings | 202409100734 |
| Level of effort used to assign classification | AUTHORITY |
| Level of effort used to assign subject headings | 202409100732 |
| Level of effort used to assign classification | AUTHORITY |
| Level of effort used to assign subject headings | 202409100720 |
| Level of effort used to assign classification | AUTHORITY |
| 040 ## - CATALOGING SOURCE | |
| Original cataloging agency | SNK |
| Language of cataloging | slo |
| Transcribing agency | SNK |
| Description conventions | AACR2 |
| 041 0# - LANGUAGE CODE | |
| Language code of text/sound track or separate title | xo |
| 044 ## - COUNTRY OF PUBLISHING/PRODUCING ENTITY CODE | |
| MARC country code | xo |
| ISO country code | SK |
| 072 #7 - SUBJECT CATEGORY CODE | |
| Subject category code | 821.162.4-3 |
| Subject category code subdivision | Slovenská próza |
| Source | konspekt |
| 072 #7 - SUBJECT CATEGORY CODE | |
| Subject category code | 821-93 |
| Subject category code subdivision | Literatúra pre deti a mládež (beletria) |
| Source | konspekt |
| 080 ## - UNIVERSAL DECIMAL CLASSIFICATION NUMBER | |
| Universal Decimal Classification number | 821.162.4-34 |
| Edition identifier | 2011 |
| 080 ## - UNIVERSAL DECIMAL CLASSIFICATION NUMBER | |
| Universal Decimal Classification number | 82-93-053.4/.5 |
| Edition identifier | 2011 |
| 100 1# - MAIN ENTRY--PERSONAL NAME | |
| Personal name | Rúfus, Milan, |
| Dates associated with a name | 1928-2009 |
| Relationship | aut |
| 245 10 - TITLE STATEMENT | |
| Title | Mechúrik Koščúrik s kamarátmi |
| Statement of responsibility, etc. | Milan Rúfus ; ilustrovala Oľga Bajusová |
| 260 ## - PUBLICATION, DISTRIBUTION, ETC. | |
| Place of publication, distribution, etc. | Bratislava |
| Name of publisher, distributor, etc. | Buvik |
| Date of publication, distribution, etc. | 1999 |
| 300 ## - PHYSICAL DESCRIPTION | |
| Extent | [46] s. |
| Other physical details | fareb. ilustr. |
| Dimensions | 19 cm |
| 490 1# - SERIES STATEMENT | |
| Series statement | Pramienok |
| 500 ## - GENERAL NOTE | |
| General note | Ilustr. na tit. strane a predsádkach |
| 500 ## - GENERAL NOTE | |
| General note | Celkove 2. vyd. |
| 655 #7 - INDEX TERM--GENRE/FORM | |
| Genre/form data or focus term | slovenské rozprávky |
| Source of term | SNKPH |
| 655 #7 - INDEX TERM--GENRE/FORM | |
| Genre/form data or focus term | veršované rozprávky |
| Source of term | SNKPH |
| 655 #7 - INDEX TERM--GENRE/FORM | |
| Genre/form data or focus term | literatúra pre deti |
| Source of term | SNKPH |
| 700 1# - ADDED ENTRY--PERSONAL NAME | |
| Personal name | Bajusová, Oľga, |
| Dates associated with a name | 1954-2012 |
| Relationship | ill |
| 830 #0 - SERIES ADDED ENTRY--UNIFORM TITLE | |
| Uniform title | Pramienok |
| 942 ## - ADDED ENTRY ELEMENTS (KOHA) | |
| Source of classification or shelving scheme | Dewey Decimal Classification |
| Koha item type | Krásna literatúra pre deti |
| Suppress in OPAC | No |
| 949 ## - LOCAL PROCESSING INFORMATION (OCLC) | |
| 6 | 17A0226228 |
| 9 | P60, <03>, [BOOK], {603} |
| a | snkSD 70600 |
| b | snkKSP 1160/2000 |
| 949 ## - LOCAL PROCESSING INFORMATION (OCLC) | |
| 6 | 17A0226229 |
| 9 | P60, <04>, [BOOK], {604} |
| a | snkSD 70600 D1 |
| b | snkKSP 1161/2000 |
| 949 ## - LOCAL PROCESSING INFORMATION (OCLC) | |
| 6 | 270001000279866 |
| a | svkbbA 114158 |
| b | svkbbm 669716 |
| o | TL; |
| 949 ## - LOCAL PROCESSING INFORMATION (OCLC) | |
| 6 | 273K0115120 |
| a | svkpoA 176498 |
| b | svkpo438920 |
| Stav vyradenia | Strata | Poškodenie | Spôsob nadobudnutia | Domovská knižnica | Aktuálna knižnica | Dátum nadobudnutia | Total checkouts | Čiarový kód exemplára | Date last seen | Typ exemplára |
|---|---|---|---|---|---|---|---|---|---|---|
| Dar | Obecná knižnica Turčianska Štiavnička | Obecná knižnica Turčianska Štiavnička | 05.03.2026 | 4738000225 | 05.03.2026 | Krásna literatúra pre deti |
